000
00256nam a2200097Ia 4500
001
1224250
005
20250827092922.0
008
250824s9999 xx 000 0 und d
245
0
_a
KIRIK KANATLARLA UÇMAK
_c
JANE ELSON
260
_b
ALTIN KİTAPLAR YAYIN EVİ
999
_c
1224250
_d
1224250